[Event "Malmo Torso"]
[Site "Malmo"]
[Date "2021.08.22"]
[Round "13"]
[White "Smith, Axel"]
[Black "Schussler, Harry"]
[Result "1/2-1/2"]
[WhiteElo "2451"]
[BlackElo "2410"]
[PlyCount "52"]
[EventDate "2021.08.21"]
[EventType "tourn (rapid)"]
[EventRounds "18"]
[EventCountry "SWE"]
[EventCategory "11"]
[SourceTitle "CBM 203 Extra"]
[Source "ChessBase"]
[SourceDate "2021.09.30"]
[SourceVersion "1"]
[SourceVersionDate "2021.09.30"]
[SourceQuality "1"]

1. d4 Nf6 2. c4 e6 3. Nc3 d5 4. cxd5 exd5 5. Bg5 c6 6. Qc2 Be7 7. e3 Nbd7 8. Bd3 Nf8 9. Nge2 Ne6 10. Bh4 g6 11. 0-0 0-0 12. Rad1 b6 13. f3 Bb7 14. Bf2 c5 15. dxc5 bxc5 16. Bc4 Qa5 17. Nxd5 Nxd5 18. Bxd5 Bxd5 19. Rxd5 Qxa2 20. Nc3 Qa6 21. Rd7 Bf6 22. Nd5 Bg7 23. Nc7 Qc6 24. Nxe6 Qxd7 25. Nxf8 Bxf8 26. e4 Rb8 1/2-1/2

[Event "Malmo Torso"]
[Site "Malmo"]
[Date "2021.08.21"]
[Round "1"]
[White "Agrest, Evgenij"]
[Black "Schussler, Harry"]
[Result "1-0"]
[WhiteElo "2568"]
[BlackElo "2410"]
[PlyCount "75"]
[EventDate "2021.08.21"]
[EventType "tourn (rapid)"]
[EventRounds "18"]
[EventCountry "SWE"]
[EventCategory "11"]
[SourceTitle "CBM 203 Extra"]
[Source "ChessBase"]
[SourceDate "2021.09.30"]
[SourceVersion "1"]
[SourceVersionDate "2021.09.30"]
[SourceQuality "1"]

1. Nf3 Nf6 2. c4 b6 3. b3 g6 4. Bb2 Bg7 5. e3 c5 6. Be2 0-0 7. 0-0 Bb7 8. d4 cxd4 9. Nxd4 Nc6 10. Bf3 Rb8 11. Ne2 d6 12. Nbc3 Ne5 13. Bxb7 Rxb7 14. Nf4 a6 15. Qe2 Ned7 16. Rac1 Re8 17. h4 Qb8 18. a4 Nc5 19. b4 Ncd7 20. h5 e5 21. Nfd5 Nxh5 22. Rfd1 Nhf6 23. Ba3 Nxd5 24. Nxd5 Nf6 25. b5 Nxd5 26. cxd5 a5 27. Rc6 Rd7 28. e4 Bf8 29. Qe3 Rb7 30. Rdc1 h5 31. R1c4 Qd8 32. Qh3 Rb8 33. Rc7 Qg5 34. Qf3 Qf4 35. Bc1 Qxf3 36. gxf3 Re7 37. Be3 f5 38. Rc8 1-0

[Event "Malmo Torso"]
[Site "Malmo"]
[Date "2021.08.21"]
[Round "3"]
[White "Hector, Jonny"]
[Black "Schussler, Harry"]
[Result "1/2-1/2"]
[WhiteElo "2465"]
[BlackElo "2410"]
[PlyCount "114"]
[EventDate "2021.08.21"]
[EventType "tourn (rapid)"]
[EventRounds "18"]
[EventCountry "SWE"]
[EventCategory "11"]
[SourceTitle "CBM 203 Extra"]
[Source "ChessBase"]
[SourceDate "2021.09.30"]
[SourceVersion "1"]
[SourceVersionDate "2021.09.30"]
[SourceQuality "1"]

1. e4 e5 2. Nf3 Nf6 3. Nc3 Bb4 4. Nxe5 0-0 5. Be2 Re8 6. Nd3 Bxc3 7. dxc3 Nxe4 8. 0-0 b6 9. a4 a5 10. Nf4 Bb7 11. c4 d6 12. Ra3 Nd7 13. Re3 Ndf6 14. b3 Nc5 15. Rxe8+ Qxe8 16. Re1 Qd7 17. Nd3 Nxd3 18. Bxd3 Re8 19. f3 Rxe1+ 20. Qxe1 Qe6 21. Qd2 Qe5 22. h3 h6 23. Kf2 Kf8 24. Qe3 Qxe3+ 25. Bxe3 Nd7 26. g4 Ke7 27. h4 f6 28. Bd4 Ne5 29. Be2 g5 30. h5 Nc6 31. Bc3 Nd8 32. Bd3 Ne6 33. Ke3 Bc6 34. Bf5 Nf4 35. Bd2 Ne6 36. Bd3 Nc5 37. Bf1 Ne6 38. Bc3 Bb7 39. Kf2 Bc6 40. Kg3 Nf4 41. Bd2 Ne6 42. Be2 Nd4 43. Bd1 Ne6 44. c3 Nc5 45. Bc2 Bd7 46. Be3 Bc6 47. Bc1 Bd7 48. Kf2 Bc6 49. Ke3 Bd7 50. Bd1 Bc6 51. Ba3 Bd7 52. Kd2 Be8 53. Ke3 Bd7 54. Bc2 Be8 55. Bc1 Bd7 56. Bd2 Be8 57. Bc1 Kf7 1/2-1/2

[Event "Malmo Torso"]
[Site "Malmo"]
[Date "2021.08.21"]
[Round "6"]
[White "Schussler, Harry"]
[Black "Blomqvist, Erik"]
[Result "0-1"]
[WhiteElo "2410"]
[BlackElo "2537"]
[PlyCount "51"]
[EventDate "2021.08.21"]
[EventType "tourn (rapid)"]
[EventRounds "18"]
[EventCountry "SWE"]
[EventCategory "11"]
[SourceTitle "CBM 203 Extra"]
[Source "ChessBase"]
[SourceDate "2021.09.30"]
[SourceVersion "1"]
[SourceVersionDate "2021.09.30"]
[SourceQuality "1"]

1. d4 Nf6 2. Nf3 e6 3. c4 Bb4+ 4. Bd2 a5 5. g3 d5 6. Qc2 0-0 7. Bg2 Be7 8. 0-0 c6 9. Bg5 h6 10. Bxf6 Bxf6 11. Nbd2 Na6 12. e4 c5 13. cxd5 exd5 14. e5 Be7 15. dxc5 Nxc5 16. Nb3 Ne4 17. Nbd4 Qb6 18. Rac1 Bg4 19. Qc7 Bc5 20. Qxb6 Bxb6 21. Rc2 Rae8 22. Rfc1 f6 23. exf6 Rxf6 24. Rf1 h5 25. a3 Ref8 26. b4 0-1

[Event "Rilton Winners Cup"]
[Site "Chess.com INT"]
[Date "2020.12.27"]
[Round "1.1"]
[White "Schussler, Harry"]
[Black "Benjamin, Joel"]
[Result "1/2-1/2"]
[WhiteElo "2410"]
[BlackElo "2506"]
[PlyCount "106"]
[EventDate "2020.12.27"]
[EventType "k.o. (rapid)"]
[EventRounds "4"]
[EventCountry "SWE"]
[SourceTitle "CBM 200 Extra"]
[Source "ChessBase"]
[SourceDate "2021.03.31"]
[SourceVersion "1"]
[SourceVersionDate "2021.03.31"]
[SourceQuality "1"]

1. d4 Nf6 2. Nf3 d5 3. c4 e6 4. Nc3 a6 5. cxd5 exd5 6. Bf4 Bd6 7. g3 0-0 8. Bg2 Re8 9. 0-0 Nc6 10. Rc1 h6 11. a3 Bg4 12. b4 Qd7 13. Bxd6 Qxd6 14. e3 Ne4 15. Qc2 f5 16. Nd2 Rad8 17. Nb3 Ne7 18. Nxe4 fxe4 19. Qxc7 Qf6 20. Qxb7 Be2 21. Rfe1 Bc4 22. Na5 Bd3 23. Qc7 Rf8 24. Qf4 Qb6 25. Qg4 Qf6 26. Kh1 Kh8 27. Nb7 Rde8 28. Nc5 Qxf2 29. Nd7 Rf5 30. Ne5 Ref8 31. Qd1 Rxe5 32. dxe5 Nf5 33. e6 Nxe3 34. Rxe3 Qxe3 35. e7 Re8 36. Rc7 Qg5 37. h4 Qe5 38. Qc1 Rxe7 39. Rxe7 Qxe7 40. Qc8+ Kh7 41. Qf5+ Kh8 42. Qc8+ Kh7 43. Qf5+ g6 44. Qxd5 h5 45. Bh3 Qf6 46. Qd7+ Kh6 47. Qe8 Kg7 48. Bg2 Qa1+ 49. Kh2 Qxa3 50. Qe7+ Kg8 51. Qe8+ Kg7 52. Qe7+ Kg8 53. Qe8+ Kg7 1/2-1/2

[Event "Malmo Torso"]
[Site "Malmo"]
[Date "2019.11.30"]
[Round "14"]
[White "Grandelius, Nils"]
[Black "Schussler, Harry"]
[Result "1/2-1/2"]
[WhiteElo "2681"]
[BlackElo "2410"]
[PlyCount "26"]
[EventDate "2019.11.30"]
[EventType "tourn (rapid)"]
[EventRounds "14"]
[EventCountry "SWE"]
[EventCategory "11"]
[SourceTitle "CBM 193 Extra"]
[Source "ChessBase"]
[SourceDate "2020.01.31"]
[SourceVersion "1"]
[SourceVersionDate "2020.01.31"]
[SourceQuality "1"]

1. Nf3 Nf6 2. g3 d5 3. Bg2 e6 4. 0-0 Be7 5. d4 0-0 6. c4 dxc4 7. Qa4 a6 8. Qxc4 b5 9. Qc2 Bb7 10. Bg5 Be4 11. Qc1 Bb7 12. Qc2 Be4 13. Qc1 Bb7 1/2-1/2

[Event "Malmo Torso"]
[Site "Malmo"]
[Date "2019.11.30"]
[Round "11"]
[White "Schussler, Harry"]
[Black "Berg, Emanuel"]
[Result "1/2-1/2"]
[WhiteElo "2410"]
[BlackElo "2544"]
[PlyCount "207"]
[EventDate "2019.11.30"]
[EventType "tourn (rapid)"]
[EventRounds "14"]
[EventCountry "SWE"]
[EventCategory "11"]
[SourceTitle "CBM 193 Extra"]
[Source "ChessBase"]
[SourceDate "2020.01.31"]
[SourceVersion "1"]
[SourceVersionDate "2020.01.31"]
[SourceQuality "1"]

1. d4 Nf6 2. Nf3 g6 3. c4 Bg7 4. Nc3 d6 5. Bg5 h6 6. Bh4 Nbd7 7. h3 c6 8. e3 a6 9. a4 a5 10. Be2 0-0 11. 0-0 Nb8 12. Ne1 Na6 13. Nd3 Bf5 14. Bf3 g5 15. Bg3 Qb6 16. Re1 Bg6 17. Re2 Nb4 18. Nxb4 Qxb4 19. Rc1 Rfe8 20. b3 e5 21. dxe5 dxe5 22. e4 Rad8 23. Qc2 Nd7 24. Bg4 Nc5 25. Rb1 Rd3 26. Na2 Qa3 27. Nc1 Rd4 28. f3 Red8 29. Be1 b6 30. Kh2 Rd1 31. Rd2 R1xd2 32. Bxd2 Na6 33. Bc3 Qc5 34. Nd3 Qd6 35. Rd1 Qe7 36. Nf2 Rxd1 37. Nxd1 Nc5 38. Ne3 Qd6 39. Nf5 Qd3 40. Qxd3 Nxd3 41. Ne7+ Kf8 42. Nxc6 f6 43. Kg1 Nc5 44. Na7 Nxb3 45. Nc8 Bf7 46. Nxb6 Ke8 47. Bd7+ Kd8 48. Bb5 Bf8 49. Nd5 Bxd5 50. exd5 Bc5+ 51. Kf1 Kc7 52. Ke2 Nd4+ 53. Kd3 Kb6 54. Bxd4 exd4 55. Ke4 Kc7 56. Be8 Kd6 57. Bg6 Bb6 58. Kf5 Ke7 59. Kg4 Kf8 60. Bd3 Bc5 61. Kf5 Kf7 62. Be4 Bd6 63. Kg4 Bc5 64. h4 Bd6 65. h5 Bc5 66. Bg6+ Ke7 67. Bd3 Bd6 68. Kf5 Kf7 69. Ke4 Bc5 70. Bc2 Ke7 71. Kf5 Kf7 72. Be4 Bd6 73. Bc2 Bc5 74. g3 Bd6 75. f4 gxf4 76. gxf4 Bc5 77. Bd3 Bd6 78. Be2 Bc5 79. Ke4 Ke7 80. Bg4 Kf7 81. Bf5 Ke7 82. Bg6 Kd6 83. Kf3 Ke7 84. Bd3 Kf7 85. Kg4 Ke7 86. Kf5 Kf7 87. Be4 Bd6 88. Bc2 Bc5 89. Bd3 Bd6 90. Be2 Bc5 91. Bg4 Bd6 92. Ke4 Bc5 93. d6 Bxd6 94. Kxd4 Bxf4 95. Kc5 Ke7 96. Kb6 Bd2 97. c5 Be3 98. Kb5 Kd8 99. Kc6 Ke7 100. Bf5 Bf2 101. Kd5 Be3 102. Kc4 Kd8 103. Kb5 Kc7 104. Kc4 1/2-1/2

[Event "Malmo Torso"]
[Site "Malmo"]
[Date "2019.11.30"]
[Round "7"]
[White "Schussler, Harry"]
[Black "Grandelius, Nils"]
[Result "0-1"]
[WhiteElo "2410"]
[BlackElo "2681"]
[PlyCount "106"]
[EventDate "2019.11.30"]
[EventType "tourn (rapid)"]
[EventRounds "14"]
[EventCountry "SWE"]
[EventCategory "11"]
[SourceTitle "CBM 193 Extra"]
[Source "ChessBase"]
[SourceDate "2020.01.31"]
[SourceVersion "1"]
[SourceVersionDate "2020.01.31"]
[SourceQuality "1"]

1. d4 Nf6 2. Nf3 g6 3. c4 Bg7 4. Nc3 d5 5. cxd5 Nxd5 6. Bd2 0-0 7. e4 Nxc3 8. Bxc3 Bg4 9. Be2 Nc6 10. d5 Bxc3+ 11. bxc3 Bxf3 12. gxf3 Ne5 13. f4 Nd7 14. 0-0 c6 15. c4 Rc8 16. e5 e6 17. dxe6 fxe6 18. Qd6 Rxf4 19. Qxe6+ Rf7 20. Rad1 Qg5+ 21. Kh1 Qxe5 22. Bg4 Re8 23. Qd6 Qxd6 24. Rxd6 Nc5 25. Rd4 Kg7 26. Kg2 Ref8 27. f4 Re7 28. Rfd1 h5 29. Bf3 Ne6 30. Rd7 Nxf4+ 31. Kg3 Ref7 32. Rxf7+ Rxf7 33. h4 Ne6 34. Rd6 Nc5 35. Rd8 Kf6 36. Ra8 a6 37. Rg8 Rg7 38. Rf8+ Ke7 39. Rb8 g5 40. Bxh5 gxh4+ 41. Kxh4 Rg2 42. a3 Rc2 43. Rh8 Rxc4+ 44. Kg3 Kd6 45. Rh6+ Kc7 46. Bf3 Rc3 47. Kf4 Rxa3 48. Rh5 Kb6 49. Rh8 Ne6+ 50. Kg4 a5 51. Be4 a4 52. Bf5 Nc5 53. Rh1 Rb3 0-1

[Event "SWE-chT 0910"]
[Site "Sweden"]
[Date "2009.10.17"]
[Round "2"]
[White "Ong, Kezli"]
[Black "Schussler, Harry"]
[Result "1/2-1/2"]
[WhiteElo "2224"]
[BlackElo "2417"]
[PlyCount "24"]
[EventDate "2009.10.16"]
[EventType "team"]
[EventRounds "11"]
[EventCountry "SWE"]
[SourceTitle "EXT 2011"]
[Source "ChessBase"]
[SourceDate "2010.11.26"]
[SourceVersion "1"]
[SourceVersionDate "2010.11.26"]
[SourceQuality "1"]
[WhiteTeam "Farsta"]
[BlackTeam "Eksjo"]
[WhiteTeamCountry "SWE"]
[BlackTeamCountry "SWE"]

1. e4 d5 2. exd5 Qxd5 3. Nc3 Qd6 4. d4 Nf6 5. Nf3 c6 6. g3 Bg4 7. Bg2 e6 8. 0-0 Qc7 9. Qd3 Nbd7 10. Bf4 Bd6 11. Bxd6 Qxd6 12. Ne4 Nxe4 1/2-1/2

[Event "SWE-chT 0607"]
[Site "Sweden"]
[Date "2007.02.10"]
[Round "7"]
[White "Schussler, Harry"]
[Black "Hector, Jonny"]
[Result "1-0"]
[WhiteElo "2439"]
[BlackElo "2638"]
[PlyCount "113"]
[EventDate "2006.10.20"]
[EventType "team"]
[EventRounds "11"]
[EventCountry "SWE"]
[SourceTitle "EXT 2009"]
[Source "ChessBase"]
[SourceDate "2008.11.26"]
[SourceVersion "1"]
[SourceVersionDate "2008.11.26"]
[SourceQuality "1"]
[WhiteTeam "Eksjo"]
[BlackTeam "Limhamn"]
[WhiteTeamCountry "SWE"]
[BlackTeamCountry "SWE"]

1. Nf3 d5 2. b3 Bg4 3. Bb2 Bxf3 4. exf3 e6 5. g3 Nf6 6. f4 g6 7. Bg2 Bg7 8. 0-0 Nc6 9. d4 Ng8 10. c3 b5 11. Qd3 Rb8 12. Nd2 a5 13. a4 b4 14. c4 Nce7 15. cxd5 exd5 16. Rac1 Nh6 17. Nf3 0-0 18. Rc5 Ra8 19. Rfc1 Ra7 20. Qc2 c6 21. Ne5 Bxe5 22. dxe5 Nhf5 23. Qd3 Ng7 24. R5c2 Ra8 25. g4 h5 26. h3 Qd7 27. Qf3 Rfd8 28. Bf1 d4 29. Bd3 Rac8 30. Rc4 Ne6 31. gxh5 Ng7 32. Rxd4 Qxd4 33. Bxd4 Rxd4 34. hxg6 fxg6 35. Rc4 Rd7 36. e6 Nxe6 37. Re4 Ng7 38. Bc4+ Kh7 39. Re5 Nef5 40. Rxa5 Re8 41. Re5 Rf8 42. a5 Rd4 43. Re4 Nh4 44. Qe2 Rd2 45. Qg4 Nhf5 46. a6 Ra2 47. Qd1 c5 48. Re2 Ra3 49. Qb1 Nh5 50. Ra2 Nxf4 51. Rxa3 bxa3 52. Qa2 Nd4 53. Qxa3 Rf5 54. a7 Nf3+ 55. Kh1 Rg5 56. Qc1 Rg2 57. Bg8+ 1-0

[Event "SWE-chT 0506"]
[Site "Sweden"]
[Date "2006.??.??"]
[Round "10"]
[White "Hamark, Jesper"]
[Black "Schussler, Harry"]
[Result "1/2-1/2"]
[WhiteElo "2304"]
[BlackElo "2459"]
[PlyCount "46"]
[EventDate "2005.10.??"]
[EventType "team"]
[EventRounds "11"]
[EventCountry "SWE"]
[SourceTitle "EXT 2008"]
[Source "ChessBase"]
[SourceDate "2007.11.25"]
[SourceVersion "1"]
[SourceVersionDate "2007.11.25"]
[SourceQuality "1"]
[WhiteTeam "Kamraterna"]
[BlackTeam "Eksjo"]
[WhiteTeamCountry "SWE"]
[BlackTeamCountry "SWE"]

1. d4 e6 2. Nf3 Nf6 3. c4 b6 4. Nc3 Bb7 5. Bg5 Be7 6. e3 h6 7. Bh4 Ne4 8. Bxe7 Qxe7 9. Nxe4 Bxe4 10. Nd2 Bb7 11. Be2 0-0 12. 0-0 d6 13. Bf3 Bxf3 14. Nxf3 Nd7 15. Qa4 Nf6 16. Rfd1 Rfc8 17. Qc6 Qd7 18. Qxd7 Nxd7 19. Rd3 Kf8 20. Kf1 Ke7 21. Rad1 a5 22. b3 Rab8 23. Nd2 Rb7 1/2-1/2

[Event "SWE-chT 0405"]
[Site "Sweden"]
[Date "2005.??.??"]
[Round "9"]
[White "Barkhagen, Jonas"]
[Black "Schussler, Harry"]
[Result "1/2-1/2"]
[WhiteElo "2538"]
[BlackElo "2464"]
[PlyCount "70"]
[EventDate "2004.11.05"]
[EventType "team"]
[EventRounds "11"]
[EventCountry "SWE"]
[SourceTitle "EXT 2006"]
[Source "ChessBase"]
[SourceDate "2005.11.24"]
[SourceVersion "1"]
[SourceVersionDate "2005.11.24"]
[SourceQuality "1"]
[WhiteTeam "Stockholm Rockaden"]
[BlackTeam "Eksjo"]
[WhiteTeamCountry "SWE"]
[BlackTeamCountry "SWE"]

1. d4 e6 2. c4 Bb4+ 3. Nd2 Nf6 4. a3 Bxd2+ 5. Qxd2 b6 6. b3 0-0 7. Bb2 c5 8. Nf3 cxd4 9. Nxd4 Bb7 10. f3 Re8 11. e4 d5 12. cxd5 exd5 13. Bb5 Nbd7 14. 0-0 dxe4 15. Nf5 e3 16. Nxe3 a6 17. Bxd7 Qxd7 18. Qxd7 Nxd7 19. Nf5 f6 20. Rac1 Nc5 21. b4 Ne6 22. Nd6 Re7 23. Rfe1 Rb8 24. Bd4 b5 25. Bc5 Bd5 26. Nf5 Rd7 27. Rcd1 Nxc5 28. bxc5 Kf8 29. Kf2 a5 30. Rd2 Bc6 31. Nd6 b4 32. axb4 axb4 33. Rb2 b3 34. Re3 Bd5 35. Rd3 Be6 1/2-1/2

[Event "SWE-chT 0506"]
[Site "Sweden"]
[Date "2005.??.??"]
[Round "2"]
[White "Barkhagen, Jonas"]
[Black "Schussler, Harry"]
[Result "1/2-1/2"]
[WhiteElo "2527"]
[BlackElo "2451"]
[PlyCount "76"]
[EventDate "2005.10.??"]
[EventType "team"]
[EventRounds "11"]
[EventCountry "SWE"]
[SourceTitle "EXT 2008"]
[Source "ChessBase"]
[SourceDate "2007.11.25"]
[SourceVersion "1"]
[SourceVersionDate "2007.11.25"]
[SourceQuality "1"]
[WhiteTeam "Stockholm Rockaden"]
[BlackTeam "Eksjo"]
[WhiteTeamCountry "SWE"]
[BlackTeamCountry "SWE"]

1. d4 Nf6 2. c4 e6 3. Nf3 b6 4. e3 Bb7 5. Bd3 d5 6. cxd5 exd5 7. 0-0 Bd6 8. b3 0-0 9. Ba3 c5 10. Nc3 Nbd7 11. Rc1 Qe7 12. Qe2 Rad8 13. Ba6 Ba8 14. Rc2 Ne4 15. Na4 Ndf6 16. h3 Rd7 17. Rfc1 cxd4 18. Bxd6 Nxd6 19. Nxd4 g6 20. Nc3 Bb7 21. Bd3 Nfe4 22. Ncb5 a5 23. Nxd6 Qxd6 24. Ba6 Bxa6 25. Qxa6 Nc5 26. Qb5 Rc8 27. Qe2 Qe7 28. a3 Ra8 29. Qb5 Rd6 30. b4 axb4 31. axb4 Ne4 32. Rc8+ Rxc8 33. Rxc8+ Kg7 34. Qe8 Qxe8 35. Rxe8 Rd7 36. Rb8 Rc7 37. Rxb6 Rc1+ 38. Kh2 Nxf2 1/2-1/2

[Event "SWE-chT 0506"]
[Site "Sweden"]
[Date "2005.??.??"]
[Round "5"]
[White "Schussler, Harry"]
[Black "Ericsson, Robert"]
[Result "1-0"]
[WhiteElo "2451"]
[BlackElo "2203"]
[PlyCount "93"]
[EventDate "2005.10.??"]
[EventType "team"]
[EventRounds "11"]
[EventCountry "SWE"]
[SourceTitle "EXT 2008"]
[Source "ChessBase"]
[SourceDate "2007.11.25"]
[SourceVersion "1"]
[SourceVersionDate "2007.11.25"]
[SourceQuality "1"]
[WhiteTeam "Eksjo"]
[BlackTeam "Linkoping"]
[WhiteTeamCountry "SWE"]
[BlackTeamCountry "SWE"]

1. d4 Nf6 2. Nf3 g6 3. c4 Bg7 4. Nc3 0-0 5. Bg5 d6 6. h3 Na6 7. e3 Qe8 8. Be2 c6 9. 0-0 Nc7 10. b4 b5 11. a3 a5 12. cxb5 cxb5 13. bxa5 Rxa5 14. Qd2 Ra7 15. Rfb1 Bd7 16. Ne1 Qa8 17. Nc2 Rb8 18. Rb2 Bc6 19. Bf1 Nfd5 20. Nxd5 Nxd5 21. Rab1 Rab7 22. f3 Nb6 23. Rb3 Nc4 24. Bxc4 bxc4 25. Rxb7 Rxb7 26. Rxb7 Qxb7 27. Qb4 f6 28. Bh4 d5 29. Be1 Bf8 30. Qxb7 Bxb7 31. Bb4 Bc6 32. Bc5 Ba4 33. Nb4 c3 34. Kf2 Kf7 35. Ke1 e6 36. Bxf8 Kxf8 37. Na2 c2 38. Kd2 h5 39. h4 Ke7 40. Nb4 Kd6 41. Nxc2 g5 42. g3 e5 43. dxe5+ Kxe5 44. Nd4 gxh4 45. gxh4 f5 46. Ne2 Be8 47. Ke1 1-0

[Event "SWE-chT 0203"]
[Site "Sweden"]
[Date "2003.02.08"]
[Round "7"]
[White "Jepson, Christian"]
[Black "Schussler, Harry"]
[Result "1/2-1/2"]
[WhiteElo "2412"]
[BlackElo "2446"]
[PlyCount "102"]
[EventDate "2002.10.11"]
[EventType "team"]
[EventRounds "11"]
[EventCountry "SWE"]
[SourceTitle "EXT 2004"]
[Source "ChessBase"]
[SourceDate "2003.11.25"]
[SourceVersion "1"]
[SourceVersionDate "2003.11.25"]
[SourceQuality "1"]
[WhiteTeam "Limhamn"]
[BlackTeam "Eksjo"]
[WhiteTeamCountry "SWE"]
[BlackTeamCountry "SWE"]

1. Nf3 Nf6 2. c4 b6 3. Nc3 Bb7 4. d4 e6 5. a3 Ne4 6. Nxe4 Bxe4 7. Bf4 Be7 8. Nd2 Bb7 9. e4 Bg5 10. Qg4 Bxf4 11. Qxf4 0-0 12. Bd3 d6 13. 0-0 e5 14. Qe3 Nc6 15. d5 Nd4 16. f4 f6 17. b4 c6 18. Rac1 Qe7 19. dxc6 Bxc6 20. Nb1 a5 21. b5 Bb7 22. Nc3 Nb3 23. Rcd1 Qc7 24. Na4 Nc5 25. Nc3 exf4 26. Rxf4 Rfe8 27. Bb1 Re5 28. Rf5 Qe7 29. Rxe5 Qxe5 30. Qd4 Qxd4+ 31. Rxd4 Rd8 32. Bc2 Kf7 33. Na4 Nxa4 34. Bxa4 Ke6 35. Kf2 Rc8 36. Bd1 Rc5 37. Bg4+ Ke7 38. Ke3 Rg5 39. Kf4 Re5 40. Bf3 g6 41. Ke3 Bc8 42. Rd2 Be6 43. Kd4 Rc5 44. Rc2 Bd7 45. Re2 Re5 46. Re3 Rc5 47. Re2 Be6 48. Rc2 Rc8 49. Rc3 h5 50. Be2 h4 51. Re3 Rh8 1/2-1/2

[Event "SWE-chT 0203"]
[Site "Sweden"]
[Date "2003.01.18"]
[Round "6"]
[White "Mortensen, Erling"]
[Black "Schussler, Harry"]
[Result "1-0"]
[WhiteElo "2450"]
[BlackElo "2446"]
[PlyCount "78"]
[EventDate "2002.10.11"]
[EventType "team"]
[EventRounds "11"]
[EventCountry "SWE"]
[SourceTitle "EXT 2004"]
[Source "ChessBase"]
[SourceDate "2003.11.25"]
[SourceVersion "1"]
[SourceVersionDate "2003.11.25"]
[SourceQuality "1"]
[WhiteTeam "Helsingborg"]
[BlackTeam "Eksjo"]
[WhiteTeamCountry "SWE"]
[BlackTeamCountry "SWE"]

1. e4 c6 2. d4 d5 3. e5 Na6 4. c3 Nc7 5. Bd3 g6 6. Ne2 Bg7 7. Nd2 f6 8. exf6 exf6 9. h4 Ne7 10. h5 Bf5 11. Nb3 Kf7 12. f3 b6 13. g4 Bxd3 14. Qxd3 Qd7 15. Bd2 a5 16. 0-0-0 a4 17. Na1 a3 18. b3 c5 19. Nc2 Qb5 20. Qxb5 Nxb5 21. dxc5 bxc5 22. h6 Bf8 23. Be3 c4 24. Ncd4 Nxd4 25. Nxd4 cxb3 26. axb3 Rd8 27. Kc2 Nc8 28. Nb5 Rd7 29. b4 a2 30. Kb3 Be7 31. Kxa2 Rhd8 32. Kb3 Rb7 33. Nd4 Rc7 34. Bf4 Bd6 35. Ne2 Bxf4 36. Nxf4 Nb6 37. Rd3 g5 38. Ne2 Kg6 39. Nd4 Re8 1-0

[Event "SWE-chT 0203"]
[Site "Sweden"]
[Date "2002.12.07"]
[Round "5"]
[White "Schussler, Harry"]
[Black "Johannessen, Leif Erlend"]
[Result "1/2-1/2"]
[WhiteElo "2446"]
[BlackElo "2525"]
[PlyCount "31"]
[EventDate "2002.10.11"]
[EventType "team"]
[EventRounds "11"]
[EventCountry "SWE"]
[SourceTitle "EXT 2004"]
[Source "ChessBase"]
[SourceDate "2003.11.25"]
[SourceVersion "1"]
[SourceVersionDate "2003.11.25"]
[SourceQuality "1"]
[WhiteTeam "Eksjo"]
[BlackTeam "Lund"]
[WhiteTeamCountry "SWE"]
[BlackTeamCountry "SWE"]

1. d4 d5 2. c4 e6 3. Nf3 c6 4. Bg5 Nf6 5. Nbd2 Nbd7 6. e3 Be7 7. Be2 0-0 8. 0-0 b6 9. cxd5 Nxd5 10. Ne4 h6 11. Bxe7 Qxe7 12. Rc1 Bb7 13. Nc3 c5 14. Qa4 a6 15. Rfd1 Rfc8 16. a3 1/2-1/2

[Event "SWE-chT 0203"]
[Site "Sweden"]
[Date "2002.11.16"]
[Round "4"]
[White "Schussler, Harry"]
[Black "Schneider, Lars Ake"]
[Result "1/2-1/2"]
[WhiteElo "2446"]
[BlackElo "2385"]
[PlyCount "41"]
[EventDate "2002.10.11"]
[EventType "team"]
[EventRounds "11"]
[EventCountry "SWE"]
[SourceTitle "EXT 2004"]
[Source "ChessBase"]
[SourceDate "2003.11.25"]
[SourceVersion "1"]
[SourceVersionDate "2003.11.25"]
[SourceQuality "1"]
[WhiteTeam "Eksjo"]
[BlackTeam "Manhem"]
[WhiteTeamCountry "SWE"]
[BlackTeamCountry "SWE"]

1. d4 Nf6 2. Nf3 e6 3. c4 b6 4. g3 Bb7 5. Bg2 Be7 6. 0-0 0-0 7. Nc3 d5 8. Ne5 Na6 9. cxd5 exd5 10. Bf4 c5 11. dxc5 Nxc5 12. Rc1 Nfe4 13. Nxe4 dxe4 14. Nc4 Ne6 15. Be5 Rc8 16. Ne3 Rxc1 17. Qxc1 Bc5 18. Bc3 Qg5 19. Nc2 Qxc1 20. Rxc1 Rd8 21. Kf1 1/2-1/2

[Event "SWE-chT 0203"]
[Site "Sweden"]
[Date "2002.10.13"]
[Round "3"]
[White "Cramling, Dan"]
[Black "Schussler, Harry"]
[Result "1/2-1/2"]
[WhiteElo "2425"]
[BlackElo "2446"]
[PlyCount "28"]
[EventDate "2002.10.11"]
[EventType "team"]
[EventRounds "11"]
[EventCountry "SWE"]
[SourceTitle "EXT 2004"]
[Source "ChessBase"]
[SourceDate "2003.11.25"]
[SourceVersion "1"]
[SourceVersionDate "2003.11.25"]
[SourceQuality "1"]
[WhiteTeam "Passanten"]
[BlackTeam "Eksjo"]
[WhiteTeamCountry "SWE"]
[BlackTeamCountry "SWE"]

1. c4 c5 2. g3 g6 3. Bg2 Bg7 4. Nc3 Nc6 5. b3 d6 6. Bxc6+ bxc6 7. Bb2 e5 8. d3 h5 9. h3 f5 10. h4 Nf6 11. Nh3 0-0 12. Qd2 Qe7 13. 0-0-0 Bd7 14. e3 Rae8 1/2-1/2

[Event "SWE-chT 0203"]
[Site "Sweden"]
[Date "2002.10.12"]
[Round "2"]
[White "Schussler, Harry"]
[Black "Bator, Robert"]
[Result "1/2-1/2"]
[WhiteElo "2446"]
[BlackElo "2414"]
[PlyCount "22"]
[EventDate "2002.10.11"]
[EventType "team"]
[EventRounds "11"]
[EventCountry "SWE"]
[SourceTitle "EXT 2004"]
[Source "ChessBase"]
[SourceDate "2003.11.25"]
[SourceVersion "1"]
[SourceVersionDate "2003.11.25"]
[SourceQuality "1"]
[WhiteTeam "Eksjo"]
[BlackTeam "Stockholm Rockaden"]
[WhiteTeamCountry "SWE"]
[BlackTeamCountry "SWE"]

1. Nf3 d5 2. b3 Bg4 3. e3 Nd7 4. Bb2 e5 5. h3 Bxf3 6. Qxf3 Ngf6 7. c4 e4 8. Qd1 dxc4 9. Bxc4 Bd6 10. Nc3 c6 11. 0-0 Qe7 1/2-1/2

[Event "Capablanca Memorial Premier II 34th"]
[Site "Havana"]
[Date "1999.05.19"]
[Round "11"]
[White "Gongora Reyes, Maikel"]
[Black "Schussler, Harry"]
[Result "0-1"]
[WhiteElo "2427"]
[BlackElo "2455"]
[PlyCount "78"]
[EventDate "1999.05.??"]
[EventType "tourn"]
[EventRounds "13"]
[EventCountry "CUB"]
[EventCategory "8"]
[SourceTitle "CBM 070 Extra"]
[Source "ChessBase"]
[SourceDate "1999.07.10"]
[SourceVersion "1"]
[SourceVersionDate "1999.07.10"]
[SourceQuality "1"]

1. e4 e6 2. d4 d5 3. Nc3 Bb4 4. e5 Ne7 5. a3 Bxc3+ 6. bxc3 b6 7. Qg4 Ng6 8. h4 h5 9. Qd1 Ba6 10. Bxa6 Nxa6 11. Bg5 f6 12. Qd3 Kf7 13. Rh3 Nb8 14. Rf3 Nd7 15. Nh3 Ngxe5 16. dxe5 Nxe5 17. Qe2 Nxf3+ 18. Qxf3 Qd6 19. Kf1 e5 20. Be3 Rad8 21. a4 Qc6 22. Qf5 Qc4+ 23. Kg1 Qg4 24. Qd3 Qe4 25. Qa6 Qc4 26. Qxc4 dxc4 27. Kf1 Rd5 28. Rb1 Ra5 29. Rb4 c5 30. Rxc4 Ke6 31. Ke2 Kd5 32. Kd3 f5 33. f3 a6 34. Nf2 Re8 35. Ne4 fxe4+ 36. Rxe4 b5 37. c4+ Kd6 38. axb5 axb5 39. cxb5 Rxb5 0-1